The Indian media Business (Record no. 3936)

MARC details
000 -LEADER
fixed length control field 00402nam a22001697a 4500
005 - DATE AND TIME OF LATEST TRANSACTION
control field 20160625103523.0
008 - FIXED-LENGTH DATA ELEMENTS--GENERAL INFORMATION
fixed length control field 160625b xxu||||| |||| 00| 0 eng d
020 ## - INTERNATIONAL STANDARD BOOK NUMBER
ISBN 0-7619-9649-4
041 ## - LANGUAGE CODE
Language code of text/sound track or separate title eng
082 ## - DEWEY DECIMAL CLASSIFICATION NUMBER
Item number 10114
100 ## - MAIN ENTRY--AUTHOR NAME
Personal name Kohhi, Vanita
245 ## - TITLE STATEMENT
Title The Indian media Business
260 ## - PUBLICATION, DISTRIBUTION, ETC. (IMPRINT)
Name of publisher Response Books
Year of publication 2003
300 ## - PHYSICAL DESCRIPTION
Number of Pages 239
650 ## - SUBJECT ADDED ENTRY--TOPICAL TERM
Topical Term Mass Communication
942 ## - ADDED ENTRY ELEMENTS (KOHA)
Koha item type Books
Holdings
Lost status Damaged status Home library Current library Shelving location Date acquired Cost, normal purchase price Full call number Accession Number Koha item type
    JRU Library   SHELF-31-I 25/06/2016 280.00 10114 10114 Books
    JRU Library   SHELF-31-I 25/06/2016 280.00 10114 10115 Books
    JRU Library   SHELF-31-I 25/06/2016 280.00 10114 10116 Books
    JRU Library   SHELF-31-I 25/06/2016 280.00 10114 10117 Books
    JRU Library   SHELF-31-I 25/06/2016 280.00 10114 10118 Books